000 00538nam a22001937a 4500
003 KOHA_MİRAKIL
005 20250422180612.0
008 250422b tu ||||| |||| 00| 0 tur d
020 _a9789759038311
040 _aTR-AnABB
_btur
_cTR-AnABB
041 _atur
082 _a813.42
_bAZI 2023
100 _aAziz Nesin,
_d1915-1995
245 1 0 _aHerkesin işi gücü var /
_cAziz Nesin
260 _aİstanbul :
_bNesin Yayınevi,
_c2023
300 _a111 sayfa ;
_c23 cm
650 0 4 _aTürk edebiyatı, roman
942 _2ddc
_cBK
999 _c8827
_d8827
900 _bGizem YORULMAZ